Vogel Quiz - Statistiken

Allgemein
  • Dieses Quiz wurde 11 mal gespielt
  • Das Durchschnittsergebnis liegt bei 5 aus 22
Antwortstatistiken
Hint Antwort % Korrekt
Gänsevögel Anseriformes
75%
Sperlingsvögel Passeriformes
75%
Eulen Strigiformes
75%
Hühnervögel Galliformes
50%
Pelikanvögel Pelicaniformes
50%
Spechtvögel Piciformes
50%
Greifvögel Acciptriformes
25%
Tauben Columbriformes
25%
Falken Falconiformes
25%
Kranichvögel Gruiformes
25%
Meisen Paridae
25%
Ruderfüßer Suliformes
25%
Segler Apodiformes
0%
Möwenvögel Charadriiformes
0%
Krähenverwandte Corvidae
0%
Ammern Emberizidae
0%
Finken Fringillidae
0%
Schwalben Hirundinidae
0%
Stelzenverwandte Motacillidae
0%
Schnäpper Muscicapidae
0%
Lappentaucher Podicipediformes
0%
Zweigsänger Sylviidae
0%
Keine übereinstimmenden Quizze gefunden
Verteilung der Resultate
Anzahl Personen mit jedem Resultat
Perzentil nach korrekt beantworteten Fragen
Ihre Resultats-Entwicklung
Sie haben dieses Quiz noch nicht gespielt